Rouen Arrêts tram - Statistiques

Statistiques générales
  • Ce quiz a été pris 373 fois
  • Le résultat moyen est 20 sur 38
Statistiques - réponses
Branche Hint Réponse % Correct
Georges Braque Rouen Théâtre des Arts
94%
Technopôle Rouen Théâtre des Arts
94%
Georges Braque Rouen Boulingrin
89%
Technopôle Rouen Boulingrin
89%
Georges Braque Rouen Palais de Justice
87%
Technopôle Rouen Palais de Justice
87%
Georges Braque Rouen Saint-Sever
86%
Technopôle Rouen Saint-Sever
86%
Georges Braque Rouen Gare-Rue-Verte
85%
Technopôle Rouen Gare-Rue-Verte
85%
Technopôle Saint-Étienne-du-Rouvray Technopôle
76%
Georges Braque Rouen Joffre-Mutualité
72%
Technopôle Rouen Joffre-Mutualité
72%
Georges Braque Rouen Beauvoisine
69%
Technopôle Rouen Beauvoisine
69%
Technopôle Rouen Europe
66%
Georges Braque Grand-Quevilly Georges Braque
59%
Technopôle Sotteville-lès-Rouen Voltaire
47%
Georges Braque Rouen Avenue de Caen
46%
Technopôle Sotteville-lès-Rouen 14-Juillet
43%
Technopôle Sotteville-lès-Rouen Garibaldi
43%
Technopôle Sotteville-lès-Rouen Hôtel de Ville de Sotteville
42%
Technopôle Rouen Honoré de Balzac
39%
Technopôle Saint-Étienne-du-Rouvray Le Parc
34%
Georges Braque Petit-Quevilly François Truffaut
33%
Technopôle Sotteville-lès-Rouen Toit Familial
33%
Technopôle Sotteville-lès-Rouen Jean Zay
30%
Technopôle Saint-Étienne-du-Rouvray Maryse Bastié
30%
Technopôle Saint-Étienne-du-Rouvray Ernest Renan
28%
Georges Braque Petit-Quevilly Jean Jaurès
28%
Georges Braque Grand-Quevilly Charles de Gaulle
25%
Georges Braque Petit-Quevilly Saint-Julien
24%
Georges Braque Petit-Quevilly Place du 8 Mai
23%
Georges Braque Grand-Quevilly Léon Blum
21%
Georges Braque Grand-Quevilly J-F Kennedy
20%
Georges Braque Grand-Quevilly Provinces
20%
Technopôle Saint-Étienne-du-Rouvray Champ de Courses
19%
Georges Braque Grand-Quevilly Paul Cézanne
14%
Aucun quiz correspondant
Distribution des résultats
% des personnes avec chaque résultat
Percentile par nombre de réponses
Votre historique - résultats
Vous n’avez pas pris ce quiz